UBT Library

ASSEMBLY LANGUAGE PROGRAMMING AND THE IBM 360 AND 370 COMPUTERS (Record no. 22449)

000 -LEADER
fixed length control field 00303nam a22001217a 4500
008 - FIXED-LENGTH DATA ELEMENTS--GENERAL INFORMATION
fixed length control field 170801b xxu||||| |||| 00| 0 eng d
041 ## - LANGUAGE CODE
Language code of text/sound track or separate title eng
080 ## - UNIVERSAL DECIMAL CLASSIFICATION NUMBER
Universal Decimal Classification number 004
100 ## - Rafti
Rafti 32
101 ## - Shkurtesa
Shkurtesa SHKI
245 ## - TITLE STATEMENT
Title ASSEMBLY LANGUAGE PROGRAMMING AND THE IBM 360 AND 370 COMPUTERS
Statement of responsibility, etc RUDD, W.G
942 ## - ADDED ENTRY ELEMENTS (KOHA)
Source of classification or shelving scheme
Item type Books
Holdings
Withdrawn status Lost status Source of classification or shelving scheme Damaged status Not for loan Collection code Permanent location Current location Shelving location Date acquired Total Checkouts Full call number Barcode Date last seen Price effective from Koha item type
          Koleksioni i përgjithshem UBT - Lipjan UBT - Lipjan Koleksioni i përgjithshem 08/01/2017   004 RUD 002-2913171 08/01/2017 08/01/2017 Books
UBT Library © 2015-2024. All rights reserved University Education for Business and Technology